书目信息 |
| 题名: |
幸福童装:新潮时装集锦
|
|
| 作者: | 霍爽 | |
| 分册: | ||
| 出版信息: | 学苑出版社 1994. 5 |
|
| 页数: | 127页 | |
| 开本: | 16开 | |
| 丛书名: | ||
| 单 册: | ||
| 中图分类: | TS941.6 | |
| 科图分类: | ||
| 主题词: | 服装工业 | |
| 电子资源: | ||
| ISBN: | ||
| 000 | 00522nam0 2200193 45 | |
| 001 | 0308271027 | |
| 005 | 20030827105706.7 | |
| 010 | @dRMB12.70 | |
| 100 | @a20030827d1994 km y0chiy0120 ea | |
| 101 | @achi | |
| 105 | @a z 000yy | |
| 200 | 1 | @a幸福童装:新潮时装集锦@Axing fu tong zhuang:xin chao shi zhuang ji jin@f霍爽@Fhuo shuang |
| 210 | @c学苑出版社@d1994. 5 | |
| 215 | @a127页@c无图表@d16开 | |
| 606 | 0 | @a服装工业 |
| 690 | @aTS941.6@v3 | |
| 701 | 0 | @a霍爽 |
| 801 | @aCN@b@c20030827 | |
| 905 | @aBZT@dTS941.6@e113 | |
| 幸福童装:新潮时装集锦/霍爽.-学苑出版社,1994. 5 |
| 127页:无图表;16开 |
| ISBN :RMB12.70 |
| ● |
| 相关链接 |
|
|
|
正题名:幸福童装:新潮时装集锦
索取号:TS941.6/113
 
预约/预借
| 序号 | 登录号 | 条形码 | 馆藏地/架位号 | 状态 | 备注 |
| 1 | 103133 | 200301235 | 中心书库中库/ 中库024架B面5列3层19/ [索取号:TS941.6/113] | 在馆 | |
| 2 | 103134 | 200301253 | 中心书库中库/ 中库025架B面3列7层25/ [索取号:TS941.6/113] | 在馆 |